|
|
|
|
| LEADER |
01638nam a22004215i 4500 |
| 001 |
29421 |
| 003 |
BD-DhAAL |
| 005 |
20150728105428.0 |
| 008 |
150728r20152013ii b 001 0deng d |
| 010 |
|
|
|a 2013332786
|
| 020 |
|
|
|a 9780198090458 (pbk.)
|
| 020 |
|
|
|a 0198090455 (pbk.)
|
| 025 |
|
|
|a I-E-2013-332786; 10-92
|
| 035 |
|
|
|a (OCoLC)ocn844936182
|
| 035 |
|
|
|a (OCoLC)844936182
|
| 037 |
|
|
|a Library of Congress -- New Delhi Overseas Office
|
| 040 |
|
|
|a DKAGE
|b eng
|e rda
|c DKAGE
|d BTCTA
|d DLC
|d BD-DhAAL
|
| 042 |
|
|
|a lccopycat
|a lcode
|
| 043 |
|
|
|a aw-----
|a ff-----
|
| 050 |
|
4 |
|a D116.7.I26
|b A43 2013
|
| 082 |
0 |
4 |
|a 907.202
|2 23
|
| 100 |
1 |
|
|a Alatas, Farid,
|c Syed,
|e author.
|9 13280
|
| 245 |
1 |
0 |
|a Ibn Khaldun /
|c Syed Farid Alatas.
|
| 250 |
|
|
|a First edition.
|
| 260 |
|
|
|a New Delhi :
|b Oxford Centre for Islamic Studies ;
|b Oxford University Press,
|c 2013 [fifth impression 2015]
|
| 300 |
|
|
|a xii, 160 pages ;
|c 22 cm.
|
| 490 |
0 |
|
|a Makers of Islamic civilization
|
| 504 |
|
|
|a Includes bibliographical references and index.
|
| 520 |
|
|
|a On the life and works of Ibn Khaldūn, 1332-1406, Arab Muslim historiographer and historian.
|
| 541 |
|
|
|e 29421
|
| 600 |
0 |
0 |
|a Ibn Khaldūn,
|d 1332-1406.
|9 13281
|
| 650 |
|
0 |
|a Historians, Arab
|z Islamic Empire
|v Biography.
|9 13282
|
| 650 |
|
0 |
|a Science
|x Social aspects.
|9 8393
|
| 650 |
|
0 |
|a Islamic civilization.
|9 6792
|
| 710 |
2 |
|
|a Oxford Centre for Islamic Studies.
|9 13276
|
| 942 |
|
|
|2 ddc
|c BK
|
| 999 |
|
|
|c 35080
|d 35080
|
| 952 |
|
|
|0 0
|1 0
|2 ddc
|4 0
|6 907_202000000000000_ALA
|7 0
|9 54984
|a BRACUL
|b BRACUL
|c GEN
|d 2015-07-28
|l 5
|o 907.202 ALA
|p 3010029421
|r 2025-03-05
|s 2025-02-27
|t 1
|w 2015-07-28
|y BK
|